000 00387 a2200145 4500
020 _a9789706668295
020 _a9706668292
041 _aspa
100 _aDe Saint- Exupery, Antoine
245 _aTierra de los Hombres / Antoine Saint-Exupery.
260 _aMexico D.F. : Grupo Editorial Tomo, 2003.
300 _a172 p. ;
_c19 cm.
440 _aClasicos juveniles.
942 _cBK
999 _c10312
_d10312